000 01696nam a22003974a 4500
001 ebr2001141
003 CaPaEBR
006 m u
007 cr cn|||||||||
008 990825s2000 enk sb 001 0 eng
010 _z 99046659
020 _z0745313175 (pbk.)
020 _z0745313221 (hb)
040 _aCaPaEBR
_cCaPaEBR
035 _a(OCoLC)51002597
050 1 4 _aE183.8.G7
_bM37 2000eb
082 0 4 _a303.48/273041
_221
100 1 _aMcElrath, Karen,
_d1959-
245 1 0 _aUnsafe haven
_h[electronic resource] :
_bthe United States, the IRA, and political prisoners /
_cKaren McElrath.
260 _aLondon ;
_aSterling, Va. :
_bPluto Press,
_c2000.
300 _axii, 164 p.
504 _aIncludes bibliographical references (p. 146-157) and indexes.
533 _aElectronic reproduction.
_bPalo Alto, Calif. :
_cebrary,
_d2013.
_nAvailable via World Wide Web.
_nAccess may be limited to ebrary affiliated libraries.
610 2 0 _aIrish Republican Army.
650 0 _aPolitical prisoners
_xLegal status, laws, etc.
_zUnited States.
650 0 _aDeportation
_zUnited States.
650 0 _aExtradition
_zUnited States.
651 0 _aUnited States
_xRelations
_zGreat Britain.
651 0 _aGreat Britain
_xRelations
_zUnited States.
651 0 _aUnited States
_xForeign relations
_y1993-2001.
651 0 _aUnited States
_xEmigration and immigration
_xHistory
_y20th century.
651 0 _aNorthern Ireland
_xEmigration and immigration
_xHistory
_y20th century.
655 7 _aElectronic books.
_2local
710 2 _aebrary, Inc.
856 4 0 _uhttp://site.ebrary.com/lib/rucke/Doc?id=2001141
_zAn electronic book accessible through the World Wide Web; click to view
999 _c127048
_d127048